000 00362nam a2200157Ia 4500
003 Ost
005 20260225132548.0
008 260225s9999||||xx |||||||||||||| ||und||
040 _cfsic
041 _afre
082 _a440
100 _aRobert lacour-goyet
_eAuteur
245 0 _aHistoire des état -unis /
245 0 _cRobert lacour-goyet
942 _cكتاب
999 _c33998
_d33998